| 000 | 01233nam a22002897i 4500 | ||
|---|---|---|---|
| 003 | EG-ScBUE | ||
| 005 | 20230903111816.0 | ||
| 008 | 200202s1983 ua a f b 000 0 ara d | ||
| 017 | _a93 / 1983 | ||
| 020 | _a9775417007 | ||
| 040 |
_aEG-ScBUE _bara _erda _cEG-ScBUE _dEG-ScBUE |
||
| 082 | 0 | 4 |
_a711.56 _bإ ب ر _222 |
| 100 | 1 |
_aإبراهيم، عبد الباقي، _eمؤلف. _914874 |
|
| 245 | 1 | 2 |
_aالمنظور الإسلامي للتنمية العمرانية / _cتأليف د. عبد الباقي إبراهيم. |
| 264 | 1 |
_aالقاهرة : _bمركز الدراسات التخطيطية والمعمارية، _c[1983] |
|
| 300 |
_a176 صفحة : _bإيضاحيات ؛ _c30 سم |
||
| 336 |
_2rdacontent _aنص _btxt |
||
| 337 |
_2rdamedia _aبدون وسيط _bn |
||
| 338 |
_2rdacarrier _aمجلد _bnc |
||
| 504 | _aيشتمل على إرجاعات ببليوجرافية. | ||
| 541 |
_cDonation ; _aProf. Ayman Othman |
||
| 650 | 7 |
_aالعمارة الإسلامية _xمقالات ومحاضرات. _2BUEsh |
|
| 650 | 7 |
_aتخطيط المدن _xمقالات ومحاضرات. _2BUEsh |
|
| 650 | 7 |
_aالعمارة الإسلامية _xمقالات ومحاضرات. _2BUEsh |
|
| 655 | _vReading book | ||
| 942 | _2ddc | ||
| 999 |
_c30507 _d30478 |
||